<?xml version="1.0" encoding="UTF-8"?><?xml-stylesheet type="text/xsl" href="static/style.xsl"?><OAI-PMH xmlns="http://www.openarchives.org/OAI/2.0/" xmlns:xsi="http://www.w3.org/2001/XMLSchema-instance" xsi:schemaLocation="http://www.openarchives.org/OAI/2.0/ http://www.openarchives.org/OAI/2.0/OAI-PMH.xsd"><responseDate>2026-04-17T00:40:34Z</responseDate><request verb="GetRecord" identifier="oai:www.recercat.cat:2072/470393" metadataPrefix="marc">https://recercat.cat/oai/request</request><GetRecord><record><header><identifier>oai:recercat.cat:2072/470393</identifier><datestamp>2025-07-29T22:03:42Z</datestamp><setSpec>com_2072_98</setSpec><setSpec>col_2072_378192</setSpec></header><metadata><record xmlns="http://www.loc.gov/MARC21/slim" xmlns:dcterms="http://purl.org/dc/terms/" xmlns:xsi="http://www.w3.org/2001/XMLSchema-instance" xmlns:doc="http://www.lyncode.com/xoai" xsi:schemaLocation="http://www.loc.gov/MARC21/slim http://www.loc.gov/standards/marcxml/schema/MARC21slim.xsd">
   <leader>00925njm 22002777a 4500</leader>
   <datafield ind2=" " ind1=" " tag="042">
      <subfield code="a">dc</subfield>
   </datafield>
   <datafield ind2=" " ind1=" " tag="720">
      <subfield code="a">Lleal Custey, Marina</subfield>
      <subfield code="e">author</subfield>
   </datafield>
   <datafield ind2=" " ind1=" " tag="720">
      <subfield code="a">Corral-Vazquez, Celia</subfield>
      <subfield code="e">author</subfield>
   </datafield>
   <datafield ind2=" " ind1=" " tag="720">
      <subfield code="a">Bare Mañas, Montserrat</subfield>
      <subfield code="e">author</subfield>
   </datafield>
   <datafield ind2=" " ind1=" " tag="720">
      <subfield code="a">Comet Monte, Ricard</subfield>
      <subfield code="e">author</subfield>
   </datafield>
   <datafield ind2=" " ind1=" " tag="720">
      <subfield code="a">Herranz, Susana</subfield>
      <subfield code="e">author</subfield>
   </datafield>
   <datafield ind2=" " ind1=" " tag="720">
      <subfield code="a">Baigorri, Francisco</subfield>
      <subfield code="e">author</subfield>
   </datafield>
   <datafield ind2=" " ind1=" " tag="720">
      <subfield code="a">Gimeno-Miguel, Antonio</subfield>
      <subfield code="e">author</subfield>
   </datafield>
   <datafield ind2=" " ind1=" " tag="720">
      <subfield code="a">Raurich, Maria</subfield>
      <subfield code="e">author</subfield>
   </datafield>
   <datafield ind2=" " ind1=" " tag="720">
      <subfield code="a">Fortià, Cristina</subfield>
      <subfield code="e">author</subfield>
   </datafield>
   <datafield ind2=" " ind1=" " tag="720">
      <subfield code="a">Navarro, Marta</subfield>
      <subfield code="e">author</subfield>
   </datafield>
   <datafield ind2=" " ind1=" " tag="720">
      <subfield code="a">Poblador-Plou, Beatriz</subfield>
      <subfield code="e">author</subfield>
   </datafield>
   <datafield ind2=" " ind1=" " tag="720">
      <subfield code="a">Baré i Mañas, Marisa</subfield>
      <subfield code="e">author</subfield>
   </datafield>
   <datafield ind2=" " ind1=" " tag="720">
      <subfield code="a">Universitat Autònoma de Barcelona</subfield>
      <subfield code="e">author</subfield>
   </datafield>
   <datafield ind2=" " ind1=" " tag="260">
      <subfield code="c">2023</subfield>
   </datafield>
   <datafield ind2=" " ind1=" " tag="520">
      <subfield code="a">Several chronic conditions have been identified as risk factors for severe COVID-19 infection, yet the implications of multimorbidity need to be explored. The objective of this study was to establish multimorbidity clusters from a cohort of COVID-19 patients and assess their relationship with infection severity/mortality. The MRisk-COVID Big Data study included 14 286 COVID-19 patients of the first wave in a Spanish region. The cohort was stratified by age and sex. Multimorbid individuals were subjected to a fuzzy c-means cluster analysis in order to identify multimorbidity clusters within each stratum. Bivariate analyses were performed to assess the relationship between severity/mortality and age, sex, and multimorbidity clusters. Severe infection was reported in 9.5% (95% CI: 9.0-9.9) of the patients, and death occurred in 3.9% (95% CI: 3.6-4.2). We identified multimorbidity clusters related to severity/mortality in most age groups from 21 to 65 years. In males, the cluster with highest percentage of severity/mortality was Heart-liver-gastrointestinal (81-90 years, 34.1% severity, 29.5% mortality). In females, the clusters with the highest percentage of severity/mortality were Diabetes-cardiovascular (81-95 years, 22.5% severity) and Psychogeriatric (81-95 years, 16.0% mortality). This study characterized several multimorbidity clusters in COVID-19 patients based on sex and age, some of which were found to be associated with higher rates of infection severity/mortality, particularly in younger individuals. Further research is encouraged to ascertain the role of specific multimorbidity patterns on infection prognosis and identify the most vulnerable morbidity profiles in the community. Registered 4 August 2021 (retrospectively registered).</subfield>
   </datafield>
   <datafield ind2="0" ind1="0" tag="245">
      <subfield code="a">Multimorbidity patterns in COVID-19 patients and their relationship with infection severity : MRisk-COVID study</subfield>
   </datafield>
</record></metadata></record></GetRecord></OAI-PMH>